ARRUPE JESUIT UNIVERSITY

CORONAVIRUS -STOP THE SPREAD - CLEAN,DISINFECT,COVER

Mr. Wu and Mrs. Stitch : (Record no. 119492)

MARC details
000 -LEADER
fixed length control field 00957mam a2200301 a 4500
001 - CONTROL NUMBER
control field 1048176
003 - CONTROL NUMBER IDENTIFIER
control field ARRUPE
005 - DATE AND TIME OF LATEST TRANSACTION
control field 20131220174537.0
008 - FIXED-LENGTH DATA ELEMENTS--GENERAL INFORMATION
fixed length control field 911014s1991 enkach 001 0ceng d
010 ## - LIBRARY OF CONGRESS CONTROL NUMBER
LC control number gb 91061574
015 ## - NATIONAL BIBLIOGRAPHY NUMBER
National bibliography number GB91-61574
020 ## - INTERNATIONAL STANDARD BOOK NUMBER
International Standard Book Number 0340534885 :
Terms of availability £19.99
035 ## - SYSTEM CONTROL NUMBER
System control number (OCoLC)ocm24846896
035 ## - SYSTEM CONTROL NUMBER
System control number (CStRLIN)NYCG91-B100021
035 ## - SYSTEM CONTROL NUMBER
System control number (NNC)1048176
040 ## - CATALOGING SOURCE
Original cataloging agency UKM
Transcribing agency UKM
Modifying agency DGU
082 04 - DEWEY DECIMAL CLASSIFICATION NUMBER
Classification number 826
Edition number 20
300 ## - PHYSICAL DESCRIPTION
Other physical details ill., ports., facsims. ;
Dimensions 24 c mm.
100 1# - MAIN ENTRY--PERSONAL NAME
Personal name Waugh, Evelyn,
Dates associated with a name 1903-1966.
9 (RLIN) 6483
245 10 - TITLE STATEMENT
Title Mr. Wu and Mrs. Stitch :
Remainder of title the letters of Evelyn Waugh and Diana Cooper /
Statement of responsibility, etc edited by Artemis Cooper.
260 ## - PUBLICATION, DISTRIBUTION, ETC. (IMPRINT)
Place of publication, distribution, etc London :
Name of publisher, distributor, etc Hodder & Stoughton,
Date of publication, distribution, etc 1991.
300 ## - PHYSICAL DESCRIPTION
Extent 344 p., [16] p. of plates :
500 ## - GENERAL NOTE
General note Includes index.
653 ## - INDEX TERM--UNCONTROLLED
Uncontrolled term English prose
-- Letters
700 1# - ADDED ENTRY--PERSONAL NAME
Personal name Cooper, Diana,
Dates associated with a name 1892-1986.
9 (RLIN) 6484
700 1# - ADDED ENTRY--PERSONAL NAME
Personal name Cooper, Artemis,
Dates associated with a name 1953-
9 (RLIN) 6485
900 ## - EQUIVALENCE OR CROSS-REFERENCE-PERSONAL NAME [LOCAL, CANADA]
Numeration TOC
942 ## - ADDED ENTRY ELEMENTS (KOHA)
Source of classification or shelving scheme Library of Congress Classification
Koha item type Monograph ( Printed materials)
Holdings
Withdrawn status Lost status Source of classification or shelving scheme Damaged status Not for loan Home library Current library Date acquired Total Checkouts Full call number Barcode Date last seen Price effective from Koha item type
    Library of Congress Classification     ARRUPE LIBRARY ARRUPE LIBRARY 20/12/2013   PR6045.A97Z53 1991 464122880 20/12/2013 20/12/2013 Monograph ( Printed materials)

 

Arrupe Library. PO Box MP320 Mt Pleasant, Harare, Zimbabwe
263 242 745411|librarian@aju.ac.zw